10 Biggest Cities by Region of Italy - Statistics

General Stats
  • This quiz has been taken 39 times
  • The average score is 63 of 200
Answer Stats
R Hint Answer % Correct
Campania 908 082 Naples
94%
Lazio 2 748 641 Rome
94%
Piedmont 857 434 Turin
94%
Apulia 316 212 Bari
88%
Tuscany 360 845 Florence
88%
Veneto 249 316 Venice
88%
Aosta Valley 33 136 Aosta
81%
Emilia-Romagna 391 601 Bologna
81%
Sardinia 146 210 Cagliari
81%
Liguria 562 171 Genoa
81%
Lombardy 1 363 842 Milan
81%
Sicily 628 539 Palermo
81%
Veneto 255 046 Verona
81%
Lombardy 201 132 Brescia
75%
Emilia-Romagna 199 203 Parma
75%
Tuscany 92 735 Pisa
75%
Trentino-Alto Adige 119 013 Trent
75%
Friuli-Venezia Giulia 198 685 Trieste
75%
Sicily 298 255 Catania
69%
Tuscany 88 831 Lucca
69%
Sicily 218 187 Messina
69%
Emilia-Romagna 184 873 Modena
69%
Veneto 207 844 Padua
69%
Sicily 115 831 Syracuse
69%
Lombardy 120 570 Bergamo
63%
Trentino-Alto Adige 106 437 Bolzano
63%
Emilia-Romagna 129 257 Ferrara
63%
Abruzzo 70 585 L'Aquila
63%
Tuscany 152 759 Livorno
63%
Umbria 162 575 Perugia
63%
Abruzzo 118 377 Pescara
63%
Emilia-Romagna 103 666 Piacenza
63%
Emilia-Romagna 156 413 Ravenna
63%
Calabria 170 567 Reggio Calabria
63%
Emilia-Romagna 172 858 Reggio Emilia
63%
Campania 125 958 Salerno
63%
Veneto 110 600 Vicenza
63%
Marche 99 469 Ancona
56%
Apulia 89 843 Brindisi
56%
Apulia 152.557 Foggia
56%
Liguria 92 661 La Spezia
56%
Lazio 127 800 Latina
56%
Tuscany 66 269 Massa
56%
Piedmont 102 793 Novara
56%
Sardinia 61 775 Olbia
56%
Basilicata 63 602 Potenza
56%
Tuscany 195 815 Prato
56%
Sardinia 120 254 Sassari
56%
Liguria 58 644 Savona
56%
Apulia 186 520 Taranto
56%
Umbria 106 486 Terni
56%
Veneto 86 029 Treviso
56%
Friuli-Venezia Giulia 98 288 Udine
56%
Lombardy 83 082 Como
50%
Emilia-Romagna 117 758 Forlì
50%
Apulia 94 434 Lecce
50%
Lombardy 123 555 Monza
50%
Tuscany 89 245 Pistoia
50%
Friuli-Venezia Giulia 52 502 Pordenone
50%
Piedmont 92 776 Alessandria
44%
Apulia 96 873 Andria
44%
Tuscany 96 236 Arezzo
44%
Piedmont 73 514 Asti
44%
Campania 72 632 Caserta
44%
Calabria 84 415 Catanzaro
44%
Emilia-Romagna 95 774 Cesena
44%
Calabria 58 179 Crotone
44%
Tuscany 81 290 Grosseto
44%
Lombardy 71 747 Pavia
44%
Sicily 73 169 Ragusa
44%
Emilia-Romagna 150 895 Rimini
44%
Apulia 92 419 Barletta
38%
Sicily 58 185 Caltanissetta
38%
Molise 47 519 Campobasso
38%
Campania 124 633 Giugliano in Campania
38%
Liguria 42 416 Imperia
38%
Sicily 79 608 Marsala
38%
Basilicata 59 586 Matera
38%
Marche 95 360 Pesaro
38%
Campania 75 192 Pozzuoli
38%
Aosta Valley 4 173 Quart
38%
Sardinia 67 957 Quartu Sant'Elena
38%
Liguria 53 009 Sanremo
38%
Campania 79 294 Torre del Greco
38%
Lombardy 78 992 Varese
38%
Lazio 66 312 Viterbo
38%
Sicily 55 334 Agrigento
31%
Sardinia 41 834 Alghero
31%
Lazio 59 550 Anzio
31%
Lazio 74 580 Aprilia
31%
Abruzzo 48 436 Chieti
31%
Calabria 63 741 Cosenza
31%
Piedmont 55 861 Cuneo
31%
Lazio 83 011 Fiumicino
31%
Sicily 70 991 Gela
31%
Friuli-Venezia Giulia 33 651 Gorizia
31%
Marche 40 623 Macerata
31%
Sardinia 32 764 Nuoro
31%
Lombardy 78 935 Sesto San Giovanni
31%
Abruzzo 51 504 Teramo
31%
Lazio 55 054 Tivoli
31%
Tuscany 60 593 Viareggio
31%
Marche 45 310 Ascoli Piceno
25%
Umbria 27 443 Assisi
25%
Lombardy 84 576 Busto Arsizio
25%
Campania 73 491 Casoria
25%
Marche 35 835 Fermo
25%
Umbria 55 251 Foligno
25%
Umbria 30 394 Gubbio
25%
Molise 20 616 Isernia
25%
Trentino-Alto Adige 41 501 Merano
25%
Veneto 49 975 Rovigo
25%
Piedmont 46 044 Vercelli
25%
Campania 61 449 Afragola
19%
Apulia 69 728 Altamura
19%
Campania 62 157 Castellammare di Stabia
19%
Apulia 54 934 Cerignola
19%
Liguria 27 483 Chiavari
19%
Marche 59 907 Fano
19%
Lazio 89 153 Guidonia Montecelio
19%
Calabria 67 041 Lamezia Terme
19%
Sardinia 29 939 Oristano
19%
Calabria 31 032 Vibo Valentia
19%
Sicily 63 616 Vittoria
19%
Trentino-Alto Adige 23 114 Bressanone
13%
Lombardy 75 132 Cinisello Balsamo
13%
Umbria 38 337 Città di Castello
13%
Calabria 73 913 Corigliano-Rossano
13%
Abruzzo 33 852 Lanciano
13%
Apulia 57 441 Molfetta
13%
Piedmont 55 495 Moncalieri
13%
Umbria 19 307 Orvieto
13%
Lazio 64 949 Pomezia
13%
Trentino-Alto Adige 40 396 Rovereto
13%
Aosta Valley 4 440 Saint-Vincent
13%
Lazio 52 877 Velletri
13%
Liguria 22 922 Ventimiglia
13%
Campania 58 535 Acerra
6%
Liguria 23 553 Albenga
6%
Trentino-Alto Adige 17 166 Brunico
6%
Sardinia 25 419 Carbonia
6%
Veneto 47 025 Chioggia
6%
Abruzzo 25 428 Francavilla al Mare
6%
Marche 39 453 Jesi
6%
Basilicata 16 865 Melfi
6%
Friuli-Venezia Giulia 30 614 Monfalcone
6%
Calabria 36 462 Rende
6%
Trentino-Alto Adige 17 778 Riva del Garda
6%
Piedmont 46 558 Rivoli
6%
Marche 47 019 San Benedetto del Tronto
6%
Aosta Valley 4 774 Sarre
6%
Marche 43 815 Senigallia
6%
Umbria 36 234 Spoleto
6%
Molise 31 858 Termoli
6%
Trentino-Alto Adige 17 674 Arco
0%
Sardinia 25 581 Assemini
0%
Abruzzo 40 932 Avezzano
0%
Friuli-Venezia Giulia 15 786 Azzano Decimo
0%
Veneto 42 210 Bassano del Grappa
0%
Umbria 21 190 Bastia Umbra
0%
Basilicata 11 882 Bernalda
0%
Molise 7 553 Bojano
0%
Molise 7 896 Campomarino
0%
Calabria 20 734 Castrovillari
0%
Aosta Valley 4 308 Châtillon
0%
Marche 41 915 Civitanova Marche
0%
Friuli-Venezia Giulia 15 813 Codroipo
0%
Piedmont 47 682 Collegno
0%
Umbria 21 485 Corciano
0%
Friuli-Venezia Giulia 17 703 Cordenons
0%
Aosta Valley 3 336 Gressan
0%
Molise 4 894 Guglionesi
0%
Trentino-Alto Adige 18 711 Laives
0%
Molise 6 291 Larino
0%
Basilicata 11 698 Lauria
0%
Basilicata 12 845 Lavello
0%
Calabria 20 095 Montalto Uffugo
0%
Molise 6 174 Montenero di Bisaccia
0%
Abruzzo 53 606 Montesilvano
0%
Piedmont 45 735 Nichelino
0%
Aosta Valley 2 938 Nus
0%
Trentino-Alto Adige 21 611 Pergine Valsugana
0%
Basilicata 16 707 Pisticci
0%
Basilicata 17 743 Policoro
0%
Aosta Valley 3 515 Pont-Saint-Martin
0%
Liguria 29 422 Rapallo
0%
Molise 4 719 Riccia
0%
Basilicata 12 406 Rionero in Vulture
0%
Abruzzo 25 873 Roseto degli Abruzzi
0%
Friuli-Venezia Giulia 19 910 Sacile
0%
Aosta Valley 3 415 Saint-Christophe
0%
Aosta Valley 3 248 Saint-Pierre
0%
Veneto 42 200 San Donà di Piave
0%
Friuli-Venezia Giulia 15 238 San Vito al Tagliamento
0%
Liguria 21 750 Sarzana
0%
Veneto 38 945 Schio
0%
Sardinia 28 269 Selargius
0%
Abruzzo 40 764 Vasto
0%
Molise 10 742 Venafro
0%
Basilicata 10 582 Venosa
0%
No matching quizzes found
Score Distribution
Percent of People with Each Score
Percentile by Number Answered
Your Score History
You have not taken this quiz